[Event "Titled Tuesday intern op 11th Jul Early"]
[Site "Chess.com INT"]
[Date "2023.07.11"]
[Round "2"]
[White "Chemin, Justo Reinaldo"]
[Black "Matyukov, Petr"]
[Result "0-1"]
[WhiteElo "2040"]
[BlackElo "2315"]
[PlyCount "128"]
[EventDate "2023.07.11"]
[EventType "swiss (blitz)"]
[EventRounds "11"]
[EventCountry "USA"]
[SourceTitle "EXT 2024"]
[Source "ChessBase"]
[SourceDate "2023.10.10"]
[SourceVersion "1"]
[SourceVersionDate "2023.10.10"]
[SourceQuality "1"]

1. d4 Nf6 2. c3 c5 3. Nf3 g6 4. Bf4 Bg7 5. Nbd2 0-0 6. e3 b6 7. h3 Bb7 8. Be2 d6 9. 0-0 Nbd7 10. a4 a6 11. Bh2 Rc8 12. b4 Qc7 13. b5 Ra8 14. Qb3 Rfc8 15. c4 Ne4 16. Nxe4 Bxe4 17. Rad1 axb5 18. axb5 Qa7 19. Ng5 Bb7 20. d5 h6 21. Ne4 Qa2 22. Qxa2 Rxa2 23. Bf3 Ne5 24. Bxe5 Bxe5 25. Rc1 Rca8 26. g4 R8a4 27. Kg2 Bc8 28. Ng3 e6 29. Bd1 Rb4 30. e4 Rd2 31. Ne2 exd5 32. exd5 f5 33. f4 Bb2 34. Rb1 fxg4 35. hxg4 Bxg4 36. Kf2 Rxc4 37. Ke3 Bc1 38. Rxc1 Rxc1 39. Nxc1 Rxd1 40. Rxd1 Bxd1 41. Nd3 Ba4 42. Nf2 Bxb5 43. Ne4 Be8 44. Nxd6 Kf8 45. Nc4 b5 46. Ne5 Ke7 47. Nd3 Kd6 48. Ke4 g5 49. f5 Bd7 50. Ne5 c4 51. Nf7+ Kc5 52. Nxh6 c3 53. f6 Be8 54. Nf5 c2 55. Ng7 Bg6+ 56. Ke5 c1Q 57. Ne6+ Kb4 58. Kd6 Qe3 59. Ke7 g4 60. f7 Bxf7 61. Kxf7 g3 62. d6 Qd3 63. Ke7 g2 64. Nf4 Qxd6+ 0-1

[Event "Titled Tuesday intern op 11th Jul Early"]
[Site "Chess.com INT"]
[Date "2023.07.11"]
[Round "3"]
[White "Matyukov, Petr"]
[Black "Beerdsen, Thomas"]
[Result "0-1"]
[WhiteElo "2315"]
[BlackElo "2520"]
[PlyCount "64"]
[EventDate "2023.07.11"]
[EventType "swiss (blitz)"]
[EventRounds "11"]
[EventCountry "USA"]
[SourceTitle "EXT 2024"]
[Source "ChessBase"]
[SourceDate "2023.10.10"]
[SourceVersion "1"]
[SourceVersionDate "2023.10.10"]
[SourceQuality "1"]

1. d4 Nf6 2. c4 a6 3. g3 b5 4. Bg2 c6 5. cxb5 axb5 6. Nc3 b4 7. Nb1 d5 8. Nf3 Bf5 9. Nbd2 e6 10. 0-0 h6 11. Re1 c5 12. dxc5 Bxc5 13. Nb3 Be7 14. Nfd4 Bg6 15. Bf4 0-0 16. h4 Nbd7 17. Nc6 Qe8 18. Nxe7+ Qxe7 19. Nd4 e5 20. Nc6 Qe6 21. Bxd5 Nxd5 22. Qxd5 exf4 23. Qxe6 fxe6 24. Ne7+ Kh7 25. Rad1 Ne5 26. Nxg6 Kxg6 27. Rd6 fxg3 28. Rxe6+ Kf5 29. Re7 gxf2+ 30. Kxf2 Rxa2 31. Rd1 Rxb2 32. Rd5 Ke4+ 0-1

[Event "Titled Tuesday intern op 11th Jul Early"]
[Site "Chess.com INT"]
[Date "2023.07.11"]
[Round "1"]
[White "Matyukov, Petr"]
[Black "Zhigalko, Sergei"]
[Result "0-1"]
[WhiteElo "2315"]
[BlackElo "2572"]
[PlyCount "50"]
[EventDate "2023.07.11"]
[EventType "swiss (blitz)"]
[EventRounds "11"]
[EventCountry "USA"]
[SourceTitle "EXT 2024"]
[Source "ChessBase"]
[SourceDate "2023.10.10"]
[SourceVersion "1"]
[SourceVersionDate "2023.10.10"]
[SourceQuality "1"]

1. d4 Nf6 2. c4 e6 3. Nc3 Bb4 4. e3 0-0 5. Nge2 d5 6. a3 Be7 7. cxd5 exd5 8. b4 Re8 9. Ng3 Nbd7 10. Bd3 Nb6 11. 0-0 g6 12. f3 Bf8 13. Re1 a5 14. b5 Bg7 15. Kh1 h5 16. Qc2 h4 17. Nge2 Be6 18. e4 dxe4 19. fxe4 Ng4 20. e5 Nf2+ 21. Kg1 Nxd3 22. Qxd3 Bxe5 23. Ne4 Bf5 24. Bb2 Bxe4 25. Qxe4 Bxh2+ 0-1

[Event "Titled Tuesday intern op 27th Jun Early"]
[Site "Chess.com INT"]
[Date "2023.06.27"]
[Round "9"]
[White "Player, Edmund C"]
[Black "Matyukov, Petr"]
[Result "1-0"]
[WhiteElo "2204"]
[BlackElo "2315"]
[PlyCount "173"]
[EventDate "2023.06.27"]
[EventType "swiss (blitz)"]
[EventRounds "11"]
[EventCountry "USA"]
[SourceTitle "EXT 2024"]
[Source "ChessBase"]
[SourceDate "2023.10.10"]
[SourceVersion "1"]
[SourceVersionDate "2023.10.10"]
[SourceQuality "1"]

1. e4 c5 2. Nf3 Nc6 3. Bb5 g6 4. Bxc6 bxc6 5. d4 cxd4 6. Qxd4 Nf6 7. e5 Nh5 8. c4 Ng7 9. Nc3 Ne6 10. Qe4 Bg7 11. h4 h5 12. Ng5 Nxg5 13. Bxg5 Qb6 14. Rb1 Qc5 15. Bf4 Ba6 16. b3 Qb4 17. Bd2 Qc5 18. Bf4 d5 19. Qe2 dxc4 20. Na4 Qa5+ 21. Bd2 Qxe5 22. bxc4 Qxe2+ 23. Kxe2 Bxc4+ 24. Ke1 0-0 25. Rc1 Bd5 26. Rg1 Bf6 27. g4 hxg4 28. Rxg4 Be6 29. Rf4 Bxa2 30. h5 g5 31. Rg4 Bd5 32. Bxg5 Bxg5 33. Rxg5+ Kh7 34. Re5 e6 35. Nc5 Rg8 36. Nd7 Rg1+ 37. Kd2 Rxc1 38. Kxc1 Rd8 39. Nf6+ Kh6 40. Ng4+ Kg7 41. h6+ Kh7 42. Rh5 Bf3 43. Nf6+ Kg6 44. Rh3 Kxf6 45. Rxf3+ Kg6 46. h7 Kxh7 47. Rxf7+ Kg6 48. Rxa7 Rd6 49. Rc7 Kf5 50. Kc2 Kf4 51. Rf7+ Ke4 52. Rf6 Ke5 53. Rf7 Rd4 54. Kc3 Rf4 55. Rc7 Kd6 56. Rc8 Rf3+ 57. Kd2 Rxf2+ 58. Ke3 Rf5 59. Rd8+ Kc5 60. Ra8 Rd5 61. Ra6 e5 62. Ra7 Kc4 63. Rh7 c5 64. Ke2 Rd4 65. Rh1 Kd5 66. Rc1 c4 67. Ra1 Ke4 68. Ra8 Rd3 69. Rc8 Kd4 70. Rd8+ Ke4 71. Re8 Rd4 72. Rc8 Kd5 73. Rc7 Kd6 74. Rc8 e4 75. Ke3 Ke5 76. Re8+ Kd5 77. Rd8+ Kc5 78. Rxd4 c3 79. Rd8 Kb4 80. Kxe4 c2 81. Rc8 Kb3 82. Kd3 Kb2 83. Kd2 Kb1 84. Rxc2 Ka1 85. Kc3 Kb1 86. Kb3 Ka1 87. Rc1# 1-0

[Event "Titled Tuesday intern op 13th Jun Early"]
[Site "Chess.com INT"]
[Date "2023.06.13"]
[Round "1"]
[White "Chigaev, Maksim"]
[Black "Matyukov, Petr"]
[Result "1-0"]
[WhiteElo "2617"]
[BlackElo "2315"]
[PlyCount "107"]
[EventDate "2023.06.13"]
[EventType "swiss (blitz)"]
[EventRounds "11"]
[EventCountry "USA"]
[SourceTitle "EXT 2024"]
[Source "ChessBase"]
[SourceDate "2023.10.10"]
[SourceVersion "1"]
[SourceVersionDate "2023.10.10"]
[SourceQuality "1"]

1. e4 c5 2. c3 Nf6 3. e5 Nd5 4. Bc4 Nb6 5. Bb3 Nc6 6. Nf3 d6 7. exd6 Qxd6 8. 0-0 e6 9. Na3 a6 10. Qe2 Be7 11. Nc2 0-0 12. d4 cxd4 13. Ncxd4 Bf6 14. Rd1 Qc7 15. Nxc6 bxc6 16. Bg5 Bxg5 17. Nxg5 h6 18. Nf3 Bb7 19. Qe5 Qe7 20. Qd6 Qxd6 21. Rxd6 Rad8 22. Rad1 Rxd6 23. Rxd6 Nd5 24. Rd7 Rb8 25. Ne5 f6 26. Nd3 Bc8 27. Rd8+ Kf7 28. h4 Ke7 29. Rg8 Kf7 30. Rh8 Ne7 31. Bc4 Ng6 32. Rd8 Ke7 33. Rg8 Kf7 34. Rxc8 Rxc8 35. Bxa6 Ra8 36. Bc4 Nxh4 37. Nc5 Re8 38. a4 Nf5 39. b4 Nd6 40. Be2 e5 41. a5 Ra8 42. Bf3 Rc8 43. g4 Nb5 44. Na4 Ke6 45. Kg2 Kd6 46. Be4 Nc7 47. c4 Ne6 48. c5+ Kd7 49. Nb6+ Kc7 50. Nxc8 Kxc8 51. Bf5 Kd7 52. a6 g6 53. Bxe6+ Kxe6 54. a7 1-0

[Event "Titled Tuesday intern op 13th Jun Early"]
[Site "Chess.com INT"]
[Date "2023.06.13"]
[Round "5"]
[White "Matyukov, Petr"]
[Black "Player, Edmund C"]
[Result "0-1"]
[WhiteElo "2315"]
[BlackElo "2204"]
[PlyCount "86"]
[EventDate "2023.06.13"]
[EventType "swiss (blitz)"]
[EventRounds "11"]
[EventCountry "USA"]
[SourceTitle "EXT 2024"]
[Source "ChessBase"]
[SourceDate "2023.10.10"]
[SourceVersion "1"]
[SourceVersionDate "2023.10.10"]
[SourceQuality "1"]

1. d4 Nf6 2. c4 g6 3. h4 d5 4. cxd5 Nxd5 5. e4 Nb6 6. h5 N8d7 7. h6 e5 8. d5 Bb4+ 9. Bd2 Bxd2+ 10. Nxd2 c6 11. dxc6 bxc6 12. Ngf3 0-0 13. Qc2 Bb7 14. Be2 Re8 15. a4 a5 16. Rd1 Qe7 17. 0-0 Nc5 18. Nc4 Nxc4 19. Bxc4 Rad8 20. Rfe1 Kh8 21. Qc3 f6 22. Qxa5 Rxd1 23. Rxd1 Nxe4 24. Qb6 Ba8 25. Qe3 Nd6 26. Bb3 Nf5 27. Qd2 Qf8 28. a5 Nxh6 29. a6 Nf5 30. Qd7 Qe7 31. Qxe7 Nxe7 32. a7 Nd5 33. Ba4 Re7 34. Rc1 Rxa7 35. Bxc6 Rc7 36. Bxa8 Rxc1+ 37. Kh2 Rc2 38. Bxd5 Rxb2 39. Kg3 Kg7 40. Nh4 f5 41. Nf3 Kf6 42. Ne1 Rd2 43. f3 Rxd5 0-1

[Event "Titled Tuesday intern op 20th Sep Early"]
[Site "Chess.com INT"]
[Date "2022.09.20"]
[Round "1"]
[White "Lewicki, Miroslaw"]
[Black "Matyukov, Petr"]
[Result "1-0"]
[WhiteElo "2336"]
[BlackElo "2315"]
[PlyCount "61"]
[EventDate "2022.09.20"]
[EventType "swiss (blitz)"]
[EventRounds "11"]
[EventCountry "USA"]
[SourceTitle "EXT 2023"]
[Source "ChessBase"]
[SourceDate "2022.10.05"]
[SourceVersion "1"]
[SourceVersionDate "2022.10.05"]
[SourceQuality "1"]

1. b3 Nf6 2. Bb2 g6 3. g3 Bg7 4. Bg2 0-0 5. Nf3 d5 6. 0-0 c6 7. d4 Nbd7 8. Nbd2 Nb6 9. c4 Bf5 10. Ne5 Qc7 11. Rc1 Rad8 12. cxd5 Nfxd5 13. e4 Bxe5 14. dxe5 Nb4 15. exf5 Qd7 16. Ba3 Nd3 17. fxg6 Nxc1 18. gxh7+ Kxh7 19. Qh5+ Kg8 20. Bxc1 f5 21. Qg6+ Kh8 22. e6 Qd4 23. Nf3 Qf6 24. Qh5+ Kg8 25. Ng5 Qg7 26. Bb2 Rf6 27. Bxf6 exf6 28. e7 Qxe7 29. Qg6+ Kf8 30. Nh7+ Qxh7 31. Qxh7 1-0

[Event "Titled Tuesday intern op 20th Sep Early"]
[Site "Chess.com INT"]
[Date "2022.09.20"]
[Round "2"]
[White "Matyukov, Petr"]
[Black "Horak, Martin"]
[Result "1-0"]
[WhiteElo "2315"]
[BlackElo "2214"]
[PlyCount "139"]
[EventDate "2022.09.20"]
[EventType "swiss (blitz)"]
[EventRounds "11"]
[EventCountry "USA"]
[SourceTitle "EXT 2023"]
[Source "ChessBase"]
[SourceDate "2022.10.05"]
[SourceVersion "1"]
[SourceVersionDate "2022.10.05"]
[SourceQuality "1"]

1. d4 Nf6 2. c4 c5 3. d5 b5 4. cxb5 a6 5. bxa6 g6 6. Nc3 Bg7 7. e4 0-0 8. Be2 Qa5 9. Bd2 Bxa6 10. Nf3 Bxe2 11. Qxe2 Qa6 12. a4 Qxe2+ 13. Kxe2 e6 14. dxe6 dxe6 15. Be3 Rc8 16. Rhd1 Ng4 17. Bf4 Nc6 18. h3 Nd4+ 19. Nxd4 cxd4 20. Nb5 Rc2+ 21. Rd2 Rxd2+ 22. Bxd2 Nf6 23. f3 Nd7 24. a5 Nc5 25. Ra3 d3+ 26. Ke3 Bxb2 27. Ra2 Bf6 28. Bb4 Nb3 29. Ra3 Nc1 30. Bd2 Bb2 31. Ra4 Nb3 32. a6 Nc5 33. Rb4 Bg7 34. Nc7 Ra7 35. Rb8+ Bf8 36. Rb7 Rxb7 37. axb7 Nxb7 38. Kxd3 Nc5+ 39. Ke2 Bd6 40. Nb5 Bb8 41. Nd4 h5 42. Nc2 Be5 43. Ne3 Nb3 44. Nc4 Bd4 45. Be3 Bg7 46. Nd6 Na5 47. Nb5 Nc6 48. Na3 Kh7 49. Nc2 f6 50. Ne1 g5 51. Nd3 Kg6 52. Bc5 Nd8 53. Be3 Nf7 54. f4 Bf8 55. fxg5 Nxg5 56. h4 Nf7 57. Nf4+ Kh7 58. Nxe6 Bd6 59. Nf4 Be5 60. Nxh5 Kg6 61. Nf4+ Kg7 62. Nd3 Nd6 63. Nxe5 fxe5 64. Kf3 Kg6 65. Bc5 Nc4 66. g4 Kf6 67. g5+ Kg6 68. Be7 Kh5 69. Bf8 Nd6 70. Bxd6 1-0

[Event "Titled Tuesday intern op 30th Aug Early"]
[Site "Chess.com INT"]
[Date "2022.08.30"]
[Round "3"]
[White "Matyukov, Petr"]
[Black "Bochnicka, Vladimir1111"]
[Result "0-1"]
[WhiteElo "2315"]
[BlackElo "2343"]
[PlyCount "50"]
[EventDate "2022.08.30"]
[EventType "swiss (blitz)"]
[EventRounds "11"]
[EventCountry "USA"]
[SourceTitle "EXT 2023"]
[Source "ChessBase"]
[SourceDate "2022.10.05"]
[SourceVersion "1"]
[SourceVersionDate "2022.10.05"]
[SourceQuality "1"]

1. c4 e5 2. g3 c6 3. Nf3 e4 4. Nd4 d5 5. cxd5 cxd5 6. d3 Nf6 7. Bg2 Bb4+ 8. Bd2 Bc5 9. Bc3 0-0 10. 0-0 Re8 11. Nb3 Bb6 12. dxe4 Nxe4 13. Bd4 Bxd4 14. Nxd4 Nc6 15. e3 Bd7 16. Nd2 Nxd4 17. Nxe4 Bb5 18. Qxd4 Bxf1 19. Nc5 Bxg2 20. Kxg2 b6 21. Nd3 Re4 22. Qc3 Rc8 23. Qd2 d4 24. Re1 dxe3 25. Rxe3 Qd5 0-1

[Event "Titled Tuesday intern op 16th Aug Early"]
[Site "Chess.com INT"]
[Date "2022.08.16"]
[Round "4"]
[White "Leve, Nitai D"]
[Black "Matyukov, Petr"]
[Result "1-0"]
[WhiteElo "2128"]
[BlackElo "2315"]
[PlyCount "81"]
[EventDate "2022.08.16"]
[EventType "swiss (blitz)"]
[EventRounds "11"]
[EventCountry "USA"]
[SourceTitle "EXT 2023"]
[Source "ChessBase"]
[SourceDate "2022.10.05"]
[SourceVersion "1"]
[SourceVersionDate "2022.10.05"]
[SourceQuality "1"]

1. e4 c5 2. Nf3 g6 3. d4 cxd4 4. Nxd4 Nc6 5. Nc3 Bg7 6. Be3 Nf6 7. Be2 0-0 8. f4 Qa5 9. e5 Ne4 10. Nb3 Nxc3 11. bxc3 Qxc3+ 12. Bd2 Qb2 13. a3 d6 14. exd6 exd6 15. 0-0 Nd4 16. Rb1 Qxa3 17. Nxd4 Bxd4+ 18. Kh1 Bg7 19. Bb4 Qa4 20. Qxd6 Qxc2 21. Bf3 Re8 22. Rbc1 Qf5 23. Rc7 Bf8 24. Qd4 Bg7 25. Qd2 Be6 26. Rxb7 Rad8 27. Qf2 Qxf4 28. Ba5 Bd4 29. Qg3 Qxg3 30. hxg3 Rd7 31. Rbb1 Bf6 32. Bc6 Bg7 33. Bxd7 Bxd7 34. Rfe1 Rc8 35. Red1 Bg4 36. Rd8+ Rxd8 37. Bxd8 Bf5 38. Rb8 Bf8 39. Be7 Kg7 40. Bxf8+ Kf6 41. Bc5 1-0

[Event "Titled Tuesday intern op 02nd Aug Early"]
[Site "Chess.com INT"]
[Date "2022.08.02"]
[Round "4"]
[White "Hebden, Mark"]
[Black "Matyukov, Petr"]
[Result "1-0"]
[WhiteElo "2476"]
[BlackElo "2315"]
[PlyCount "149"]
[EventDate "2022.08.02"]
[EventType "swiss (blitz)"]
[EventRounds "11"]
[EventCountry "USA"]
[SourceTitle "EXT 2023"]
[Source "ChessBase"]
[SourceDate "2022.10.05"]
[SourceVersion "1"]
[SourceVersionDate "2022.10.05"]
[SourceQuality "1"]

1. d4 Nf6 2. Nf3 c5 3. d5 g6 4. Nc3 Bg7 5. e4 d6 6. Be2 0-0 7. 0-0 Na6 8. h3 Nc7 9. a4 b6 10. Bf4 a6 11. Qd2 Rb8 12. Bh6 b5 13. Bxg7 Kxg7 14. axb5 axb5 15. Bd3 c4 16. Be2 b4 17. Na2 Nxe4 18. Qd4+ Nf6 19. Bxc4 Bf5 20. Bb3 Bxc2 21. Bxc2 b3 22. Nb4 bxc2 23. Nc6 Qd7 24. Nxb8 Rxb8 25. Ra7 Qd8 26. Ra2 Ncxd5 27. Rc1 Nb4 28. Ra4 Qb6 29. Qxb6 Rxb6 30. Nd4 Ne4 31. Nxc2 Nd3 32. Rb1 Nexf2 33. Ne3 f5 34. Nd5 Rb7 35. b4 Ne4 36. b5 Ndc5 37. Rc4 Nd2 38. Rxc5 dxc5 39. Rd1 Ne4 40. b6 e6 41. Nf4 Rxb6 42. Rd7+ Kf6 43. Rxh7 g5 44. Nd5+ exd5 45. Rh6+ Ke5 46. Rxb6 d4 47. Kf1 d3 48. Ke1 Kd4 49. g4 fxg4 50. hxg4 Ke3 51. Re6 c4 52. Re5 c3 53. Kd1 c2+ 54. Kc1 Kd4 55. Re8 Nc3 56. Rd8+ Ke3 57. Re8+ Kf2 58. Rd8 Ne2+ 59. Kd2 c1Q+ 60. Kxd3 Qd1+ 61. Ke4 Qxd8 62. Kf5 Qf8+ 63. Kxg5 Qf4+ 64. Kh4 Qg3+ 65. Kh5 Nf4+ 66. Kg5 Ke3 67. Kf5 Kd4 68. g5 Nh3 69. g6 Qf4+ 70. Ke6 Qg5 71. Kf7 Ke5 72. g7 Qf6+ 73. Kg8 Ke6 74. Kh7 Qh4+ 75. Kg8 1-0

[Event "Titled Tuesday intern op 02nd Aug Early"]
[Site "Chess.com INT"]
[Date "2022.08.02"]
[Round "8"]
[White "Matyukov, Petr"]
[Black "Winkels, Marcel"]
[Result "0-1"]
[WhiteElo "2315"]
[BlackElo "1939"]
[PlyCount "70"]
[EventDate "2022.08.02"]
[EventType "swiss (blitz)"]
[EventRounds "11"]
[EventCountry "USA"]
[SourceTitle "EXT 2023"]
[Source "ChessBase"]
[SourceDate "2022.10.05"]
[SourceVersion "1"]
[SourceVersionDate "2022.10.05"]
[SourceQuality "1"]

1. c4 c5 2. g3 Nc6 3. Bg2 g6 4. Nc3 Bg7 5. e4 e5 6. d3 Nge7 7. Nge2 0-0 8. 0-0 d6 9. Be3 h6 10. a3 Be6 11. Rb1 a5 12. Qd2 Kh7 13. Nd5 Rb8 14. b4 axb4 15. axb4 Bxd5 16. b5 Be6 17. bxc6 Nxc6 18. Nc3 Nd4 19. Nd5 Bxd5 20. exd5 f5 21. Bxd4 cxd4 22. Rb5 Qd7 23. Rc1 b6 24. Rcb1 Qa7 25. Qb4 Rfd8 26. Rxb6 Rxb6 27. Qxb6 Qxb6 28. Rxb6 Bf8 29. Kf1 Re8 30. Rb7+ Kg8 31. Ke2 e4 32. Rd7 e3 33. f4 Rb8 34. Kf3 Rb2 35. Bf1 Rf2# 0-1

[Event "Titled Tuesday intern op 14th Jun Early"]
[Site "Chess.com INT"]
[Date "2022.06.14"]
[Round "5"]
[White "Sailer, Mike L"]
[Black "Matyukov, Petr"]
[Result "1/2-1/2"]
[WhiteElo "2109"]
[BlackElo "2315"]
[PlyCount "61"]
[EventDate "2022.06.14"]
[EventType "swiss (blitz)"]
[EventRounds "11"]
[EventCountry "USA"]
[SourceTitle "EXT 2023"]
[Source "ChessBase"]
[SourceDate "2022.10.05"]
[SourceVersion "1"]
[SourceVersionDate "2022.10.05"]
[SourceQuality "1"]

1. d4 Nf6 2. Nf3 c5 3. c3 g6 4. Bf4 Bg7 5. e3 cxd4 6. exd4 0-0 7. Bd3 d6 8. h3 Nc6 9. 0-0 Bd7 10. Re1 a6 11. a4 Rc8 12. Nbd2 Re8 13. Nc4 b5 14. axb5 axb5 15. Ncd2 b4 16. Nc4 Nd5 17. Bd2 bxc3 18. bxc3 Nb6 19. Nxb6 Qxb6 20. Qe2 e5 21. Reb1 Qc7 22. dxe5 Nxe5 23. Nxe5 Bxe5 24. Qf3 Bc6 25. Qg4 h5 26. Qc4 d5 27. Qc5 Bd6 28. Qd4 Be5 29. Qc5 Bd6 30. Qd4 Be5 31. Qc5 1/2-1/2

[Event "Novosibirsk Region op"]
[Site "Novosibirsk"]
[Date "2007.12.10"]
[Round "6"]
[White "Matyukov, Petr"]
[Black "Malchikov, Anton"]
[Result "1/2-1/2"]
[WhiteElo "2203"]
[BlackElo "2181"]
[PlyCount "45"]
[EventDate "2007.12.05"]
[EventType "swiss"]
[EventRounds "9"]
[EventCountry "RUS"]
[SourceTitle "CBM 122 Extra"]
[Source "ChessBase"]
[SourceDate "2008.03.04"]
[SourceVersion "1"]
[SourceVersionDate "2008.03.04"]
[SourceQuality "1"]

1. d4 Nf6 2. c4 c5 3. d5 b5 4. cxb5 a6 5. bxa6 Bxa6 6. Nc3 g6 7. e4 Bxf1 8. Kxf1 d6 9. g3 Bg7 10. Kg2 0-0 11. Nge2 Nbd7 12. Qc2 Qb6 13. b3 Rfb8 14. Rb1 Qb7 15. Rd1 Ne8 16. Bd2 Nc7 17. a4 Ra6 18. Na2 Qa8 19. Bc3 Nf6 20. f3 Nb5 21. Bb2 Nc7 22. Bc3 Nb5 23. Bb2 1/2-1/2